000 00329nam a22001337a 4500
008 170914b xxu||||| |||| 00| 0 eng d
020 _a9780486259284
041 _aeng
080 _a7
100 _a44
101 _aART
245 _aTHE MUMMY A HANDBOOK OF EGYPTIAN FUNERARY ARCHEOLOGY
_cBUDGE,E.A.W
942 _2udc
_cBK
999 _c27737
_d27737